Management principles and applications (Record no. 1170)

MARC details
000 -LEADER
fixed length control field 00455nam a2200169Ia 4500
008 - FIXED-LENGTH DATA ELEMENTS--GENERAL INFORMATION
fixed length control field 230917s9999||||xx |||||||||||||| ||und||
020 ## - ISBN
Price RS 425.00
040 ## - CATALOGING SOURCE
-- 5009226
Original cataloging agency VIVEKANANDA LIBRARY
041 ## - Language
-- English
082 ## - DDC NUMBER
Classification number 658 R18M
100 ## - MAIN ENTRY--PERSONAL NAME
Personal name Rao, V S P
245 #0 - TITLE STATEMENT
Title Management principles and applications
260 ## - PUBLICATION, DISTRIBUTION, ETC. (IMPRINT)
Place of publication, distribution, etc New Delhi
Name of publisher, distributor, etc Taxmann Publications
Date of publication, distribution, etc 2016
300 ## - PHYSICAL DESCRIPTION
Pages 495 p.
500 ## - GENERAL NOTE
General note 3932 01/01/2020 HBD20/8167 20/01/2020 Main Budget
942 ## - ADDED ENTRY ELEMENTS (KOHA)
Koha item type Books
Holdings
Withdrawn status Lost status Damaged status Not for loan Location (home branch) Sublocation or collection (holding branch) Shelving location Date acquired Koha issues (times borrowed) Koha full call number Accession No. Koha date last seen Koha item type
        VIVEKANANDA LIBRARY VIVEKANANDA LIBRARY IHTM Library 06/02/2020 1 658 R18M 391978 31/12/2025 Books
© Designed and Maintained by Vivekananda Library, MDU Rohtak